Every DaBaby Song on the Billboard Hot 100 - Statistics

General Stats
  • This quiz has been taken 244 times
    108 since last reset
  • The average score is 9 of 47
Answer Stats
# Year Song % Correct
1 2020 ROCKSTAR ft. Roddy Ricch
85%
7 2019 Suge
78%
11 2019 BOP
72%
21 2019 Baby (Lil Baby)
58%
21 2019 VIBEZ
49%
5 2021 Levitating (Dua Lipa)
44%
59 2019 Baby Sitter ft. Offset
31%
28 2019 TOES ft. Lil Baby & Moneybagg Yo
31%
17 2020 JUMP ft. YoungBoy Never Broke Again
25%
2 2020 Whats Poppin (Jack Harlow) ft. Tory Lanez & Lil Wayne
25%
13 2019 INTRO
22%
6 2020 For The Night (Pop Smoke) ft. Lil Baby
20%
55 2021 Masterpiece
20%
28 2021 Cry Baby (Megan Thee Stallion)
17%
22 2020 Find My Way
17%
86 2020 Practice
16%
44 2020 PICK UP ft. Quavo
15%
74 2020 Blind ft. Young Thug
14%
50 2020 NASTY ft. Ashanti & Megan Thee Stallion
14%
43 2019 iPHONE (Nicki Minaj)
11%
44 2019 Under The Sun (Dreamville) ft. J. Cole and Lute
11%
64 2020 BLAME IT ON BABY
10%
36 2019 Cash Shit (Megan Thee Stallion)
10%
16 2019 Enemies (Post Malone)
9%
55 2019 GOSPEL ft. Chance The Rapper, Gucci Mane & YK Osiris
9%
12 2020 My Oh My (Camila Cabello)
9%
49 2019 Pop Star ft. Kevin Gates
9%
70 2020 SAD SHIT
9%
69 2019 XXL
9%
63 2020 CAN'T STOP
8%
59 2019 Death (Trippie Redd)
8%
53 2020 LIGHTSKIN SHIT ft. Future & jetsonmade
8%
47 2019 Off The Rip
8%
55 2020 Oprah's Bank Account (Lil Yachty & Drake)
8%
51 2019 Raw Shit ft. Migos
8%
71 2020 DROP ft. A Boogie Wit da Hoodie & London On Da Track
7%
58 2019 Hot Shower (Chance The Rapper) ft. MadeinTYO
7%
12 2021 Beat Box (SpotemGottem)
6%
92 2020 No Dribble (Stunna 4 Vegas)
6%
89 2019 There He Go
6%
85 2020 CHAMPION
5%
63 2019 REALLY ft. Stunna 4 Vegas
5%
74 2020 TALK ABOUT IT
5%
73 2019 Prolly Heard
3%
99 2020 Thug Of Spades (YoungBoy Never Broke Again)
2%
89 2020 Protect da Brand (Moneybagg)
1%
80 2020 Stain (A Boogie Wit da Hoodie)
1%
No matching quizzes found
Score Distribution
Percent of People with Each Score
Percentile by Number Answered
Your Score History
You have not taken this quiz since the last reset